00729cam a2200229 a 45000010005000000030008000050050017000130080041000300350018000710350018000890400028001070410008001350820016001431000020001592450121001792600031003003000034003315040064003656500014004296500016004437000040004597575BD-RjUL20211208234436.0150114s1966 nyua 001 0 eng d a(BD-RjUL)7619 a(BD-RjUL)7619 aVS:CLbengdLCcBD-RjUL aeng00a509.22bPES1 aPelz, Donald C.10aScientists in organizations :bproductive climates for research and development /cDonald C. Pelz, Frank M. Andrews. aNew York :bWiley,cc1966. axii, 318 p. :c24 cm.bill. ; aIncludes bibliographical references (p. 303-308) and index. 0aResearch. 0aScientists.1 aAndrews, Frank M.q(Frank Meredith)